Species to Animal Group- Mammals - Statistics

General Stats
  • This quiz has been taken 93 times
  • The average score is 8 of 16
Answer Stats
Hint Answer % Correct
Lion Big Cats
93%
Dingo Dogs
87%
Common Vampire ___ Bats
80%
Porpoise Toothed Whales
76%
Giant Panda Bears
74%
Moose Deer
67%
Walrus Seals
67%
Aye-aye Lower Primates
54%
Yapok (Water Opossum) Marsupials
50%
Platypus Monotremes
50%
Gelada Old World Monkeys
41%
Honey Badger Mustelids
34%
Llama Camelids
23%
Mountain Zebra Equids
20%
European Mole Insectivores
17%
Dugong Sirenians
11%
No matching quizzes found
Score Distribution
Percent of People with Each Score
Percentile by Number Answered
Your Score History
You have not taken this quiz